LEADER 00964nam a2200205 i 4500 001 000000193971 003 CaOOAMICUS 005 20101102000000.0 008 101102s1941 it u000 u ita u 013 $a172616 040 $aSeMil$bita 245 10$aBeata Maddalena di Canossa :$bFondatrice delle figlie della carità Canossiane e dei figli della carità Canossiani. 260 $a[S.l. :$bs.n.],$c1941$e(Isola del Liri :$fSoc. Tip. A. Macioce & Pisani,$g1941) 300 $a637 p., [24] p. di tav. ;$c23 cm. 650 4$aMaddalena : di Canossa .$0(OLS)http://semarc/subject/7092 850 $aSeMil 852 $aSeMil$W1$xVenegono$y1$m3J III 111$j144545$B144545$CSeMilBibl$Z2$F155836 $81 961 $aRecupero: Deposito 996 $6245$aBeata Maddalena di Canossa :$bFondatrice delle figlie della carità Canossiane e dei figli della carità Canossiani$9(OLS)http://semarc/title/279625 996 $6260$a[S.l. :$bs.n.]$9(OLS)http://semarc/publisher/29751 LEADER 00819nam a2200217 i 4500 001 000000117505 003 CaOOAMICUS 005 20030830000000.0 008 030830s1949 it u000 u ita u 013 $a90194 040 $aSeMil$bita 100 1 $aPierre Julien : Eymard .$0(OLS)http://semarc/name/5356 245 13$aLa Santa Comunione. 250 $a7. ed. riveduta sulla 16. francese. 300 $aXI, 311 p. 650 4$aMessa - Comunione.$0(OLS)http://semarc/subject/6078 773 0 $aPierre Julien : Eymard $tSS. Eucaristia.$dTorino : Libreria Opere Eucaristiche, [194?]$gVol.2$w()11081 850 $aSeMil 852 $aSeMil$W1$xVenegono$y1$m1245 1 2 *$j72879$B72879$CSeMilBibl$Z2$F76203 $81 961 $aOmaggio: Donazione 996 $6245$aLa Santa Comunione$9(OLS)http://semarc/title/172482